00583nam a2200157 a 450000100100000000500170001000800410002704000250006808200140009310000350010724500390014226000360018130000210021795201700023899900170040800003341920200930070238.0110829s1927 dr 000 0 spa d aDO-SdBNPbspacBNPHU axxxbB8371 aBrenes, Rafael Andrés95897910aSombras /cRafael Andrés Brenes. aSanto Domingo :bLa Voz,c1927. a[46p.] ;c17 cm. 001050718RVaPDbPDcCTd2011-08-29iLF1l0oxxx B837p33419-10r2020-06-25w2020-06-25y1zPerteneció a la biblioteca personal de Martínez BoogZNo se presta c32910d32910